Words About Words Quiz Stats

 Plays Quiz Updated Oct 19, 2016

Challenge
Share
Tweet
Embed
Score 0/18 Timer 06:00
0 Plays Today
Meaning Word % Correct
A word that has a similar meaning of another wordSynonym
81%
A word that has an opposite meaning of another wordAntonym
77.2%
A word with the same spelling and pronunciation of another word, but has a different meaningHomonym
69.5%
A word or phrase that reads the same forwards and backwardsPalindrome
55.5%
A word or phrase that is a rearrangement of the letters of another word or phraseAnagram
52.9%
A word with the same pronunciation but different meaning of another wordHomophone
50.9%
A word formed by the first letters of the phrase that it representsAcronym
46.4%
A word whose name is the sound of the wordOnomatopoeia
38.6%
A word formed by mixing other words, whose meanings relate to the wordPortmanteau
17.2%
Meaning Word % Correct
A newly invented word or phraseNeologism
13.2%
A word with the same spelling, but different pronunciation and meaning of another wordHeteronym
6.1%
A word that is used in a language other than its language of originParonym
5.9%
A word or phrase that does not repeat any lettersIsogram
5.1%
A word that is the adapted form of an older termRetronym
1.9%
A word whose meaning depends on whether or not it is capitalizedCapitonym
1.8%
A symbol that represents a written and spoken wordLogogram
1.3%
A word whose meaning denotes it as a part of another word's meaningMeronym
1.2%
A word whose meaning denotes it as the whole that another word is part ofHolonym
1%

You're not logged in!

Compare scores with friends on all Sporcle quizzes.
OR
Log In

You Might Also Like...

Show Comments

Extras

Top Quizzes Today


Score Distribution

Your Account Isn't Verified!

In order to create a playlist on Sporcle, you need to verify the email address you used during registration. Go to your Sporcle Settings to finish the process.

Report this User

Report this user for behavior that violates our Community Guidelines.

Details: